Property Data Report 2017 (Record no. 116040)

MARC details
000 -LEADER
fixed length control field 01032cam a22002175a 4500
001 - CONTROL NUMBER
control field L159603
008 - FIXED-LENGTH DATA ELEMENTS--GENERAL INFORMATION
fixed length control field 171020s2017 xxk f 000 0 eng d
035 ## - SYSTEM CONTROL NUMBER
System control number (Sirsi) u159603
041 0# - LANGUAGE CODE
Language code of text/sound track or separate title eng
110 2# - MAIN ENTRY--CORPORATE NAME
Corporate name or jurisdiction name as entry element Property Industry Alliance
9 (RLIN) 5725
245 00 - TITLE STATEMENT
Title Property Data Report 2017
Remainder of title Facts and figures about the UK commercial propertyindustry to year-end 2016
Medium [electronic resource]
260 ## - PUBLICATION, DISTRIBUTION, ETC.
Place of publication, distribution, etc. London
Name of publisher, distributor, etc. Property Industry Alliance
Date of publication, distribution, etc. 2017
520 ## - SUMMARY, ETC.
Summary, etc. Includes a range of facts and figures on the UK commercial property market. Looks at the value of the UK commercial property sector in 2016 worth £883 billion representing 10% of UK's net wealth with the private rented sector making up a further 12.5% of national wealth. Notes that the value of the industrial sector increased in 2016, whereas the values of the office and retail sectors declined.
590 ## - LOCAL NOTE (RLIN)
Local note NTK
650 24 - SUBJECT ADDED ENTRY--TOPICAL TERM
Topical term or geographic name entry element OFFICE
650 ## - SUBJECT ADDED ENTRY--TOPICAL TERM
Topical term or geographic name entry element RETAIL
650 24 - SUBJECT ADDED ENTRY--TOPICAL TERM
Topical term or geographic name entry element INDUSTRIAL
651 #4 - SUBJECT ADDED ENTRY--GEOGRAPHIC NAME
Geographic name United Kingdom
Chronological subdivision
690 ## - LOCAL SUBJECT ADDED ENTRY--TOPICAL TERM (OCLC, RLIN)
Topical term or geographic name as entry element Commercial property
9 (RLIN) 6227
942 ## - ADDED ENTRY ELEMENTS (KOHA)
Suppress in OPAC 0
Holdings
Withdrawn status Lost status Source of classification or shelving scheme Damaged status Not for loan Home library Current library Shelving location Date acquired Total Checkouts Full call number Barcode Date last seen Copy number Price effective from Koha item type
    Dewey Decimal Classification     Virtual Virtual Online 20/10/2017   ONLINE PUBLICATION 159603-2001 06/08/2019 1 06/08/2019 Book